| 000 | 02388cam a22004091i 4500 | ||
|---|---|---|---|
| 003 | SA-RiAUC | ||
| 005 | 20241028081438.0 | ||
| 008 | 241026s2010 le g b 00000 ara c | ||
| 020 | _a9786144160879 | ||
| 020 | _a9789953819631 | ||
| 040 |
_aSA-RiIMS _bara _cSA-RiAUC _erda |
||
| 082 | 0 | 4 | _a251.1 |
| 090 |
_a251.1 _bص ن ع |
||
| 100 | 1 |
_aالصنعاني، محمد بن إسماعيل بن صلاح، _d1099-1182 هجري _eمؤلف. |
|
| 245 | 1 | 2 |
_aالدراية شرح الغاية : _bمباحث في أصول الفقه ؛ ويليه ملحق الدراية في القياس / _cتأليف محمد بن إسماعيل الأمير الصنعاني ؛ راجعه وقدم له حسن بن محمد مقبول الأهدل، قدم له محمد بن إسماعيل العمراني ؛ دراسة وتحقيق عبد الله بن محمد بن حسين عبد الحميد الفقيه، حققه عبد الله بن محمد الحاشدي. |
| 250 | _aالطبعة الأولى. | ||
| 264 | 1 |
_aبيروت : _bدار ابن حزم، _c2010 |
|
| 300 |
_a476 صفحة ؛ _c24 سم. |
||
| 336 |
_aنص _btxt _2rdacontent _3كتاب |
||
| 337 |
_aبدون وسيط _bn _2rdamedia |
||
| 338 |
_aمجلد _bnc _2rdacarrier |
||
| 490 | 0 |
_aسلسلة الكتب والرسائل العلمية ؛ _v2 |
|
| 500 | _aيشتمل على ملاحق. | ||
| 504 | _aيشتمل على إرجاعات ببليوجرافية. | ||
| 650 | 7 |
_aأصول الفقه الإسلامي _2aucsh |
|
| 650 | 7 |
_aالقياس (أصول فقه) _2aucsh |
|
| 700 | 1 |
_aالأهدل، حسن محمد مقبولي، _d1955-2015 _eمقدم. |
|
| 700 | 1 |
_aالعمراني، محمد بن إسماعيل بن محمد، _d1922- _eمقدم. |
|
| 700 | 1 |
_aالفقيه، عبد الله بن محمد بن حسين عبد الحميد _eمحقق. |
|
| 700 | 1 |
_aالحاشدي، عبد الله بن محمد _eمحقق. |
|
| 700 | 1 | 2 |
_aالصنعاني، محمد بن إسماعيل بن صلاح، _d1688-1768. _tالدراية شرح الغاية : مباحث في أصول الفقه |
| 700 | 1 | 2 |
_aابن الجزري، محمد بن محمد بن محمد، _d751-833 هجري. _tالهداية في علم الرواية. |
| 740 | 2 | 2 | _aالدراية في القياس. |
| 740 | 2 | 2 | _aالهداية في علم الرواية. |
| 942 |
_2ddc _cBOOK _n0 |
||
| 949 |
_aSA-JeALM _d241026 _umohamedma123 _n1 |
||
| 999 |
_c1788 _d1788 |
||